Insurance regulation liberalisation and financial convergence
Saved in:
| Format: | Book |
|---|---|
| Language: | English |
| Published: |
Paris
OECD
2001
|
| Series: | Policy issues in insurance
no. 3 Insurance and pensions |
| Subjects: | |
| Tags: |
No Tags, Be the first to tag this record!
|
MARC
| LEADER | 00000nam a2200000 4500 | ||
|---|---|---|---|
| 001 | c126813 | ||
| 005 | 20221124103303.8 | ||
| 020 | |a 92-64-18694-8 | ||
| 041 | 0 | |a eng | |
| 044 | |a FR | ||
| 245 | 1 | 0 | |a Insurance regulation liberalisation and financial convergence |
| 264 | 1 | |a Paris |b OECD |c 2001 | |
| 300 | |a 329 s. | ||
| 490 | 1 | |a Policy issues in insurance |v no. 3 | |
| 830 | 0 | |a Policy issues in insurance |v no. 3 | |
| 490 | 1 | |a Insurance and pensions | |
| 830 | 0 | |a Insurance and pensions | |
| 610 | 2 | 0 | |a poisťovníctvo |
| 610 | 2 | 0 | |a regulácia |
| 610 | 2 | 0 | |a liberalizácia |
| 610 | 2 | 0 | |a konvergencia |
| 610 | 2 | 0 | |a služby finančné |